000 00912nam a2200217Ia 4500
999 _c41025
_d41025
001 7674
003 GE_BSU
005 20240123104453.0
008 181216s2013||||ge |||||||||||||| ||geo||
020 _a9789941221163
040 _cGE_BSU
041 _ageo
080 _a302.3(042.4) მ–27
100 _aმანველიძე, ირაკლი
_92014
245 _aმოლაპარაკების მეთოდები :
_bლექციების კურსი /
_cირაკლი მანველიძე ; რედ. ნატალია ლაზბა.
264 _aთბილისი :
_bუნივერსალი,
_c2013.
300 _a313 გვ. :
_bილ. ;
_c20 სმ.
653 _aმოლაპარაკების მეთოდები
700 _aლაზბა, ნატალია
_eრედაქტორი
_96054
942 _cBK
_2udc